000 00365nam a2200157Ia 4500
008 230711s9999||||xx |||||||||||||| ||und||
041 _aENG
082 _a720
_bSH-F
100 _aShute Malcolm J
245 0 _aFifth generation water Architecture
250 _a3rd
260 _c1987
_aNew York
_bA.S.PC Egg
300 _a316
650 _aArchitecture
942 _cBK
999 _c743
_d743